Devinez la Capitale Mystère #42 - Statistiques

Statistiques générales
  • Ce quiz a été pris 164 fois
  • Le résultat moyen est 26 sur 31
Statistiques - réponses
Type de Réponse Réponse % Correct
Lettre Trouvée I
99%
Lettre Trouvée L
99%
Lettre de l'Alphabet A
98%
Lettre de l'Alphabet O
98%
Lettre de l'Alphabet R
98%
Lettre de l'Alphabet S
98%
Lettre de l'Alphabet E
97%
Lettre de l'Alphabet N
96%
Lettre Bien Placée I
95%
Lettre de l'Alphabet M
95%
Lettre de l'Alphabet P
95%
Lettre de l'Alphabet B
89%
Lettre de l'Alphabet T
89%
Lettre Trouvée D
88%
Lettre de l'Alphabet U
87%
Lettre de l'Alphabet H
85%
Lettre de l'Alphabet C
84%
Lettre de l'Alphabet G
84%
Lettre Bien Placée I
83%
Lettre de l'Alphabet K
82%
Lettre Bien Placée L
82%
Lettre de l'Alphabet W
81%
Lettre de l'Alphabet V
75%
Lettre de l'Alphabet Y
73%
Lettre de l'Alphabet X
72%
Lettre de l'Alphabet J
71%
Lettre de l'Alphabet Q
70%
Lettre Bien Placée D
69%
Lettre de l'Alphabet F
69%
Lettre de l'Alphabet Z
68%
Capitale Mystère Dili
66%
Aucun quiz correspondant
Distribution des résultats
% des personnes avec chaque résultat
Percentile par nombre de réponses
Votre historique - résultats
Vous n’avez pas pris ce quiz